000 00309nam a2200121Ia 4500
008 220204s9999 xx 000 0 und d
082 _a633.527.2(035)
_bCHE
245 0 _aGrass conservation handbook
260 _aLondon
_bLiliffe
_c1968
650 _aGrass conservation
700 _aCHERRY, Mary
942 _cBK
999 _c21232
_d21232